000 00296nam a22001337a 4500
008 170313b xxu||||| |||| 00| 0 eng d
020 _a9781842150719
041 _aeng
080 _a591
100 _a7
101 _aSHM
245 _aELEPHANTS BIG CATS BEARS WHALES
_cTAYLOR.B
942 _2udc
_cBK
999 _c7630
_d7630